书目信息 |
| 题名: |
情报检索语言
|
|
| 作者: | 张琪玉 编著 | |
| 分册: | ||
| 出版信息: | 武汉 武汉大学出版社 1983 |
|
| 页数: | 241页 | |
| 开本: | 21cm | |
| 丛书名: | ||
| 单 册: | ||
| 中图分类: | G354.41 | |
| 科图分类: | ||
| 主题词: | 情报检索 | |
| 电子资源: | ||
| ISBN: | 7-307-00020-2 | |
| 000 | 00659nam0 2200241 45 | |
| 001 | 0183009656 | |
| 005 | 20041231094011.3 | |
| 010 | @a7-307-00020-2@dCNY1.60 | |
| 091 | @a13279.6 | |
| 100 | @a19950705d1983 em y0chiy0121 ea | |
| 101 | 0 | @achi |
| 102 | @aCN@b420000 | |
| 105 | @ay z 000yy | |
| 200 | 10 | @a情报检索语言@Aqing bao jian suo yu yan@f张琪玉编著@FZhang Qi Yu Bian Zhu |
| 210 | @a武汉@c武汉大学出版社@d1983 | |
| 215 | @a241页@d21cm | |
| 300 | @a高等学校文科教材 | |
| 606 | @a情报检索 | |
| 690 | @aG354.41@v3 | |
| 701 | 0 | @a张琪玉@4编著 |
| 801 | 0 | @aCN@b上海图书馆@c20040429 |
| 801 | 2 | @aCN@bNLC@c20040429 |
| 905 | @dG354.41@e52@f1@b212076 | |
| 情报检索语言/张琪玉编著.-武汉:武汉大学出版社,1983 |
| 241页;21cm |
| 高等学校文科教材 |
| ISBN 7-307-00020-2:CNY1.60 |
| ● |
| 相关链接 |
|
|
|
|
正题名:情报检索语言
索取号:G354.41/52
 
预约/预借
| 序号 | 登录号 | 条形码 | 馆藏地/架位号 | 状态 | 备注 |
| 1 | 0212075 | 000309099 | 密集书库/ [索取号:G354.41/52] | 在馆 | |
| 2 | 0212076 | 000309160 | 密集书库/ [索取号:G354.41/52] | 在馆 |